000 00377nam a2200109Ia 4500
008 160909s9999 xx 000 0 und d
100 _aYounts, Pauline M.
245 _aVirtual Early College High Schools: An Exploratory Case Study
260 _bThe George Washington University
_c2016
650 _aEDUC/SPED
856 _uhttp://pqdtopen.proquest.com/doc/1779524741.html?FMT=ABS
999 _c305038
_d305038